| 000 | 01271cam a2200349 a 4500 | ||
|---|---|---|---|
| 001 | 27814 | ||
| 003 | BD-RjUL | ||
| 005 | 20250302112136.0 | ||
| 008 | 140327s2002 enk 000 0 eng | ||
| 020 | _a0198605757 | ||
| 020 | _a0198604572 (thumb index) | ||
| 035 | _a(BD-RjUL)27893 | ||
| 040 |
_aDLC _cDLC _dDLC _dBD-RjUL _beng |
||
| 041 | _aeng | ||
| 082 | 0 | 0 |
_aR 423 _221 _bSHO V-1 2002 |
| 245 | 0 | 0 |
_aShorter Oxford English dictionary : _bon historical principles |
| 250 | _a5th ed. | ||
| 260 |
_aOxford ; _aNew York : _bOxford University Press, _cc2002. |
||
| 300 |
_a2 v. (xxvii, 3750 p.) ; _c29 cm. |
||
| 500 | _aEditor-in-chief, Lesley Brown. | ||
| 500 | _aRev. ed. of: The new shorter Oxford English dictionary on historical principles. 1993. | ||
| 505 | 0 | _aVolume 1. A -M 1, Volume 1, M-Z, | |
| 650 | 0 |
_aEnglish language _vDictionaries. _985359 |
|
| 700 | 1 |
_aTrumble, William R. _915069 |
|
| 700 | 1 |
_aStevenson, Angus. _915070 |
|
| 700 | 1 |
_aBrown, Lesley. _915071 |
|
| 856 | 4 | 2 |
_3Publisher description _uhttp://www.loc.gov/catdir/enhancements/fy0613/2002070244-d.html |
| 856 | 4 | 1 |
_3Table of contents only _uhttp://www.loc.gov/catdir/enhancements/fy0613/2002070244-t.html |
| 942 |
_2ddc _cREF |
||
| 999 |
_c27814 _d27814 |
||